Liverpool 2020's Starting XI - Statistics

General Stats
  • This quiz has been taken 17,409 times
    5,724 since last reset
  • The average score is 21 of 24
Answer Stats
Player % Correct
Alisson
100%
Mohamed Salah
100%
Virgil van Dijk
100%
Andrew Robertson
99%
Luis Díaz
98%
Sadio Mané
98%
Trent Alexander-Arnold
98%
Alexis Mac Allister
97%
Darwin Núñez
96%
Ibrahima Konaté
96%
Roberto Firmino
96%
Cody Gakpo
95%
Dominik Szoboszlai
94%
Jordan Henderson
91%
Diogo Jota
90%
Fabinho
90%
Ryan Gravenberch
89%
Joël Matip
88%
Wataru Endo
88%
Thiago Alcántara
85%
Georginio Wijnaldum
83%
Joe Gomez
83%
Harvey Elliott
45%
Nathaniel Phillips
40%
No matching quizzes found
Score Distribution
Percent of People with Each Score
Percentile by Number Answered
Your Score History
You have not taken this quiz since the last reset